|
|
|
|
| LEADER |
00000cam a2200000 a 4500 |
| 001 |
458b |
| 005 |
20230308182552.0 |
| 008 |
000000|1981 ||||||||r|||||||||||spa|| |
| 020 |
|
|
|a 8471140020
|
| 040 |
|
|
|b spa
|
| 082 |
0 |
|
|a 636.084 2
|
| 245 |
1 |
1 |
|a La Alimentacion del ganado
|c Jean Besse, Julio Gallego García trad.
|h imp
|
| 250 |
|
|
|a 2.ed.
|
| 264 |
|
|
|a Madrid
|b Mundi prensa
|c 1981
|
| 300 |
|
|
|a 383páginas:
|
| 650 |
1 |
|
|a Alimentacion ganado vacuno
|9 71322
|
| 650 |
1 |
|
|a Alimentacion aviar
|9 72033
|
| 700 |
1 |
|
|a Besse, Jean.
|9 100418
|
| 852 |
|
|
|a UC-YANUNCAY
|c SALA 1 AGROPECUARIAS
|k Eduran
|l 1
|m General
|p 00000000
|q 5,00
|t 458b
|b 0
|d CDRY
|e CDRY
|g 636.084 2 SALA 1 AGROPECUARIAS
|z 0000-00-00
|
| 942 |
|
|
|c BK
|
| 999 |
|
|
|c 60126
|d 60126
|